| 000 | 01189nam a2200325 i 4500 | ||
|---|---|---|---|
| 001 | 000010299 | ||
| 003 | DO-SdBNP | ||
| 005 | 20250717074015.0 | ||
| 007 | ta | ||
| 008 | 091006t1986 dr r 001 p spa d | ||
| 040 |
_aDO-SdBNP _bspa _cBNPHU _erda |
||
| 041 | _hspa | ||
| 082 | 4 |
_aRD861.44 _bF363e _222 |
|
| 100 | 1 |
_aFernández Spencer, Antonio, _d1922-1995 _eautor _4aut. _922525 |
|
| 245 | 1 | 0 |
_aEn la aurora : _b1942-1944 / _cAntonio Fernández Spencer. |
| 264 | 4 |
_aSanto Domingo : _bBiblioteca Nacional Pedro Henríquez Ureña (BNPHU), _c©1986. |
|
| 300 |
_a125 páginas ; _c17 cm. |
||
| 336 |
_atexto _btxt _2rdacontent |
||
| 337 |
_asin mediación _bn _2rdamedia |
||
| 338 |
_avolumen _bnc _2rdacarrier |
||
| 490 | 0 | _aColección Orfeo | |
| 500 | _aIncluye datos biográficos de autor en el verso de la cubierta | ||
| 505 | 0 |
_aEn la aurora (1942)-- _tLadrón del fuego (1943) -- _tTestimonios del viento (1944). |
|
| 590 | _aInventariado, 2018/BT | ||
| 650 | 7 |
_aPoesía dominicana _966 _2LEMB |
|
| 650 | 7 |
_aLiteratura dominicana. _967 _2LEMB |
|
| 710 | 2 |
_aBiblioteca Nacional Pedro Henríquez Ureña _981292 |
|
| 910 | _aValidado. Control de calidad. EMS | ||
| 942 |
_2ddc _cLBS1 |
||
| 999 |
_c10058 _d10058 |
||